Biblioteca

Gotas de la fuente : (Registro nro. 35850)

Detalles MARC
000 -LÍDER
Campo fijo de descripción fija 01108aam a2200289 i 4500
001 - NÚMERO DE CONTROL
Campo de control 768714001
003 - IDENTIFICADOR DEL NÚMERO DE CONTROL
Campo de control CO-MdFUSB
005 - FECHA Y HORA DE LA ULTIMA TRANSACCIÓN
control field 20240503155416.0
007 - CAMPO FIJO DE DESCRIPCIÓN FIJA--INFORMACIÓN GENERAL
Campo fijo de descripción fija ta
008 - ELEMENTOS DE LONGITUD FIJA -- INFORMACIÓN GENERAL
Campo fijo de descripción fija -- Información general 240222t1959 ck |||| |||| 00| 0 spa d
040 ## - FUENTE DE CATALOGACIÓN
Agencia que realiza la transcripción CO-MdFUSB
041 0# - CÓDIGO DE IDIOMA
Código de idioma para texto/pista de sonido o título separado spa
082 04 - NÚMERO DE CLASIFICACIÓN DECIMAL DEWEY
Número de clasificación 808.819382
Número de la edición del Dewey 23
Clave de autor-Numero de item S685g
100 1# - ASIENTO PRINCIPAL--NOMBRE PERSONAL
Nombre personal Soles, Enrique
Término relacionador autor
245 10 - TÍTULO
Título del Material Gotas de la fuente :
Parte restante del título - Subtitulo poemas inspirados en la Palabra de Dios
Mención de responsabilidad, etc. / Enrique Soles
264 #1 - PRODUCCIÓN, PUBLICACIÓN, DISTRIBUCIÓN, MANUFACTURA, Y COPYRIGHT
Nombre del productor, publicador, distribuidor Arte Evangélico Literario,
Lugar de producción, publicación, distribución, manufactura Medellín, Colombia :
Fecha de producción, publicación, distribución, manufactura, o copyright [1959]
264 #4 - PRODUCCIÓN, PUBLICACIÓN, DISTRIBUCIÓN, MANUFACTURA, Y COPYRIGHT
Fecha de producción, publicación, distribución, manufactura, o copyright ©1959
300 ## - DESCRIPCIÓN FÍSICA
Extensión 99 páginas
Dimensiones ; 17cm
336 ## - TIPO DE CONTENIDO
Término de tipo de contenido texto
Código de tipo de contenido txt
Fuente rdacontent
337 ## - TIPO DE MEDIO
Fuente rdamedia
Nombre del tipo de medio sin mediación
Código del tipo de medio n
338 ## - TIPO DE SOPORTE
Fuente rdacarrier
Nombre del tipo de soporte volumen
Código Tipo de soporte nc
505 ## - NOTA DE CONTENIDO
Nota de contenido con formato preestablecido La Biblia (el libro de esperanza). -- En el día del bautismo. -- Lo que es la oración. -- Navidad. -- Al Dios redentor. -- Madre. -- A la Biblia. -- Resurrección. -- La iglesia de Cristo. -- Un año más. -- Gozo en la iglesia. -- ¿Qué pasa en la iglesia? -- Al verbo divino. -- A la madre. -- Un pensamiento más.
563 ## - NOTA DE ENCUADERNACIÓN
Nota de encuadernación Rústico
653 ## - TÉRMINO DE INDIZACIÓN - NO CONTROLADO
Término no controlado Poesía religiosa
942 ## - TIPO DE MATERIAL (KOHA)
Tipo de Item KOHA Libros General
945 ## - INFORMACIÓN LOCAL DEL REGISTRO
Catalogador JTF-925
Existencias
Estado de Material Estado de Perdido Forma de Clasificación Estado de Dañado No para Préstamo Colección Tomo Biblioteca de Origen Biblioteca Permanente Fecha de Adquisición Total de Préstamos Signatura Topográfica Código de Barras Última vez visto Ejemplar/Existencia Fecha de Remplazo Tipo de Material
    Dewey Decimal Classification     Colección General   Biblioteca FUSBC Biblioteca FUSBC 13/12/2004   G 808.819382 S685g 4226 12/12/2019 Ej. 1 26/01/2016 Libros General

Biblioteca FUSBC | Teléfono: (57+4) 349 88 10 Ext. 141| WhatsApp (+57) 3005338115 
E-mail: biblioteca@unisbc.edu.co | Calle 76 87-14 Robledo Palenque, Medellín, Colombia

Con tecnología Koha